000 00583nam a2200193Ia 4500
005 20260114185842.0
008 008 260114s9999 xx 000 0 eng d
020 _a9780755611935
037 _aEBOOK
040 _aCRL
_beng
_cCRL
041 _aeng
_2eng
084 _qCRL
100 _aJoanna de Groot
_9875190
245 0 _aReligion, Culture and Politics in Iran From the Qajars to Khomeini
260 _bBloomsbury
_c2007
856 _uhttps://doi.org/10.5040/9780755611935?locatt=label:secondary_bloomsburyCollections
942 _cEBOOK
999 _c1474124
_d1474124